00538 a2200169 450000500170000001000150001702000300003203500140006203700160007608200130009224500760010525000090018126000530019027000790024330000280032270000180035020220221130050.0 aENG-130243 c795.00a978-81-321-0741-5 aEN-113775 bDBAD / PUB a320.6082 aHarvesting Feminist Knowledge for Public Policy/bEdited by Devaki Jain a2011 aNew DelhibSage Publications India Pvt Ltdc2011 aB1/I-1, Mohan Cooperative Industrial Area, Mathura RoadbNew Delhie110044 axivi, 347p.c23cm (hbk) a Elson, Diane